Estadísticas para Miembros de la Liga Árabe

Haz click aquí para intentar la prueba.

Estadísticas generales

  • Esta prueba ha sido intentada 3.218 veces
  • La puntuación promedio es 19 de 22

Estadísticas de respuestas

País% Correcto
Arabia Saudita
98%
Egipto
96%
Irak
96%
Omán
96%
Yemen
96%
Catar
95%
Emiratos Árabes Unidos
93%
Marruecos
93%
Siria (Oposición Sirio)
93%
Argelia
92%
Libia
92%
Jordania
90%
Kuwait
89%
Líbano
88%
Túnez
88%
Sudán
85%
Baréin
84%
Mauritania
76%
Somalia
76%
Yibuti
66%
Palestina
54%
Comoras
33%

Distribución de puntuación

Porcentaje por número respondido

Porcentaje de gente con cada puntuación

Historial de tus puntuaciones

No has intentado esta prueba.